Basic electronics (Record no. 1227)

000 -LEADER
fixed length control field 00492nam a22001937a 4500
003 - CONTROL NUMBER IDENTIFIER
control field OSt
005 - DATE AND TIME OF LATEST TRANSACTION
control field 20200115144533.0
008 - FIXED-LENGTH DATA ELEMENTS--GENERAL INFORMATION
fixed length control field 200115b ||||| |||| 00| 0 eng d
040 ## - CATALOGING SOURCE
Language of cataloging eng
Transcribing agency IMU KC
082 ## - DEWEY DECIMAL CLASSIFICATION NUMBER
Classification number 621.3
Item number M642
100 ## - MAIN ENTRY--PERSONAL NAME
9 (RLIN) 812
Personal name Mileaf, Harry
Relator term editor
245 ## - TITLE STATEMENT
Title Basic electronics
Statement of responsibility, etc. edited by Harry Mileaf
250 ## - EDITION STATEMENT
Edition statement 1st ed.
260 ## - PUBLICATION, DISTRIBUTION, ETC.
Place of publication, distribution, etc. Bombay
Name of publisher, distributor, etc. D. B. Taraporevala & Sons
Date of publication, distribution, etc. 1974
300 ## - PHYSICAL DESCRIPTION
Extent 137 p.
440 ## - SERIES STATEMENT/ADDED ENTRY--TITLE
Volume/sequential designation Vol. VII
650 #0 - SUBJECT ADDED ENTRY--TOPICAL TERM
9 (RLIN) 27
Topical term or geographic name entry element Electronics
942 ## - ADDED ENTRY ELEMENTS (KOHA)
Source of classification or shelving scheme
Koha item type Books
Holdings
Withdrawn status Lost status Source of classification or shelving scheme Damaged status Not for loan Permanent Location Current Location Date acquired Full call number Barcode Date last seen Price effective from Koha item type
          IMU Kolkata IMU Kolkata 1975-03-12 621.3 M642 04222 2020-01-15 2020-01-15 Books
          IMU Kolkata IMU Kolkata 1975-03-12 621.3 M642 04229 2020-01-15 2020-01-15 Books
          IMU Kolkata IMU Kolkata 1975-03-12 621.3 M642 04236 2020-01-15 2020-01-15 Books
          IMU Kolkata IMU Kolkata 1975-03-12 621.3 M642 04243 2020-01-15 2020-01-15 Books
          IMU Kolkata IMU Kolkata 1975-03-12 621.3 M642 04250 2020-01-15 2020-01-15 Books
          IMU Kolkata IMU Kolkata 1975-03-12 621.3 M642 04257 2020-01-15 2020-01-15 Books
          IMU Kolkata IMU Kolkata 1975-03-12 621.3 M642 04264 2020-01-15 2020-01-15 Books
          IMU Kolkata IMU Kolkata 1975-03-12 621.3 M642 04271 2020-01-15 2020-01-15 Books
Designed and Maintained by IMU-KC Library, Kolkata Campus © Copyright All Rights Reserved

webs counters

Powered by Koha